Industry 4.0 managing the digital transformation

Uloženo v:
Podrobná bibliografie
Hlavní autor: Ustundag, Alp
Další autoři: Cevikcan, Emre
Médium: Neznámo
Jazyk:angličtina
Vydáno: Cham, Suiza Springer 2018
Edice:Springer Series in Advanced Manufacturing
Témata:
Tagy: Přidat tag
Žádné tagy, Buďte první, kdo vytvoří štítek k tomuto záznamu!

MARC

LEADER 00000 a2200000 4500
003 CL-VaPUC
005 20250319092901.0
008 200319b ||||| |||| 00| 0 eng d
999 |c 388863  |d 388861 
020 |a 9783319578699 
040 |c Pontificia Universidad Católica de Valparaíso 
082 0 4 |2 21  |a 658.514 UST 2018 
100 1 |a Ustundag, Alp  |9 629956 
245 1 0 |a Industry 4.0 managing the digital transformation 
260 3 |b Springer  |c 2018  |a Cham, Suiza 
300 |a 286 p 
490 0 |a Springer Series in Advanced Manufacturing 
583 |k Hugo Gaete  |c 20200319 
650 0 0 |a Innovaciones tecnológicas  |9 259728 
650 0 0 |a Internet de las cosas (IoT)  |9 604920 
700 1 |a Cevikcan, Emre  |9 737734 
942 |2 ddc  |c BK 
952 |0 0  |1 0  |2 ddc  |4 0  |6 658_514000000000000_UST_2018  |7 0  |8 A  |9 551558  |a BIBING  |b BIBING  |c GEN  |d 2020-03-06  |e 87  |g 172510.00  |i 5573416  |o 658.514 UST 2018  |p 5573416  |r 2025-01-20  |t 1  |v 0.00  |w 2020-03-06  |y BK  |k EII